书目信息 |
| 书名: | A diplomatic history of Europe since the Congress of Vienna | |
| 作者: | ||
| 分册号: | ||
| 分册名: | 出版地: | New York : |
|
| 出版社: | Harper & Row | |
| 出版时间: | 1973. | |
| 页数: | xix, 764 p. : | |
| 开本: | 21 cm. | |
| 丛书名: | ||
| 中图分类号: | ||
| 科图分类号: | ||
| 其他分类号: | D850.9 | |
| 主题词: | ||
| 电子资源: | ||
| 000 | 00934nam 2200301 a 4500 | |
| 001 | E0756979941 | |
| 005 | 20070305154958.93 | |
| 008 | uu | |
| 008 | 00100 eng | |
| 010 | @a72011493 | |
| 020 | @a0060401710. | |
| 043 | @ae------ | |
| 049 | @aN5LA | |
| 050 | 0 | @aD363 @b.A58 1973 |
| 082 | @a327.4 | |
| 090 | @a2/D850.9/ACR/ 1973//////668207/*968451-2/ cop.2-3 | |
| 090 | @aD850.9 | |
| 096 | @aD850.9 @v2 | |
| 099 | @dD850.9@ex7 | |
| 100 | 20 | @aAlbrecht-Carrié, René, @d1904- |
| 245 | 12 | @aA diplomatic history of Europe since the Congress of Vienna |
| 250 | @aRev. ed. | |
| 260 | 0 | @aNew York :@bHarper & Row,@c1973. |
| 300 | @axix, 764 p. :@bill. ;@c21 cm. | |
| 504 | @aBibliography: p. 696-726. | |
| 651 | 0 | @aEurope @xHistory @y1789-1900. |
| 651 | 0 | @aEurope @xHistory @y20th century. @b00 @c20020930 @lNLC09 @h2247 @lNLC09 @h2306 @lNLC09 @h1857 |
| 852 | 9 | @bWWJC @cJ08S @k2 @hD850.9 @iACR/1973 |
| A diplomatic history of Europe since the Congress of Vienna.-Rev. ed.-New York : : Harper & Row, , 1973. |
| xix, 764 p. : : ill. ; ; 21 cm. |
| Bibliography: p. 696-726. |
| ISBN 0060401710. |
| ● |
| 相关链接 |
|
|
|
|
正题名:diplomatic history of Europe since the Congress of Vienna
索取号:D850.9/x7
 
预约/预借
| 序号 | 登录号 | 条形码 | 馆藏地/架位号 | 状态 | 备注 |
| 1 | 0000056 | 300000567 | 第四借阅区/ [索取号:D850.9/x7] | 在馆 |